Southville International School and Colleges
Your cart is empty.
  • Cart
  • Lists
    Public lists Eva Luna New books Lux_list list_1
    Your lists Log in to create your own lists
  • Log in to your account
  • Your cookies
  • Search history
Southville International School and Colleges
  • Advanced search
  • Recent comments
  • Most popular
  • Libraries

Log in to your account

Log in with GOOGLE


If you do not have an external account, but do have a local account, you can still log in:

  1. Home
  2. MARC view: Secondary curriculum design and delivery /
Normal view MARC view ISBD view

Secondary curriculum design and delivery / (Record no. 367730)

[ view plain ]
MARC details
000 -LEADER
fixed length control field 00682nam a22002057a 4500
003 - CONTROL NUMBER IDENTIFIER
control field 0
005 - DATE AND TIME OF LATEST TRANSACTION
control field 20250901150916.0
008 - FIXED-LENGTH DATA ELEMENTS--GENERAL INFORMATION
fixed length control field 250901b xxu||||| |||| 00| 0 eng d
020 ## - INTERNATIONAL STANDARD BOOK NUMBER
International Standard Book Number 978-1-77956-383-5
050 ## - LIBRARY OF CONGRESS CALL NUMBER
Classification number LB 1629
Item number .A75 2025
100 ## - MAIN ENTRY--PERSONAL NAME
Personal name Arlos, Aisa P.,
Relator term author.
245 ## - TITLE STATEMENT
Title Secondary curriculum design and delivery /
Statement of responsibility, etc Aisa P. Arlos.
260 ## - PUBLICATION, DISTRIBUTION, ETC. (IMPRINT)
Place of publication, distribution, etc Burlington, ON :
Name of publisher, distributor, etc Society Publishing,
Date of publication, distribution, etc 2025.
300 ## - PHYSICAL DESCRIPTION
Extent xvi, 403 pages ;
Dimensions 24 cm.
504 ## - BIBLIOGRAPHY, ETC. NOTE
Bibliography, etc Includes bibliographical references.
650 ## - SUBJECT ADDED ENTRY--TOPICAL TERM
Topical term or geographic name as entry element Education, Secondary
General subdivision Curricula.
650 ## - SUBJECT ADDED ENTRY--TOPICAL TERM
Topical term or geographic name as entry element Curriculum planning.
General subdivision Curriculum change.
650 ## - SUBJECT ADDED ENTRY--TOPICAL TERM
Topical term or geographic name as entry element Education, Secondary
General subdivision Aims and objectives.
942 ## - ADDED ENTRY ELEMENTS (KOHA)
Source of classification or shelving scheme Library of Congress Classification
Koha item type Books
Holdings
Withdrawn status Lost status Source of classification or shelving scheme Damaged status Home library Current library Shelving location Date acquired Source of acquisition Sub Shelving location Total Checkouts Full call number Barcode Date last seen Price effective from Koha item type
    Library of Congress Classification   College Library College Library Reserve Section 06/04/2025 Library Fund     LB 1629 .A75 2025 C24847 09/01/2025 09/01/2025 Books

Secondary curriculum design and delivery /

APA

Arlos A. P., . (2025). Secondary curriculum design and delivery. Burlington, ON: Society Publishing.

Chicago

Arlos Aisa P, . 2025. Secondary curriculum design and delivery. Burlington, ON: Society Publishing.

Harvard

Arlos A. P., . (2025). Secondary curriculum design and delivery. Burlington, ON: Society Publishing.

MLA

Arlos Aisa P, . Secondary curriculum design and delivery. Burlington, ON: Society Publishing. 2025.

  • Place hold
  • Print
  • Cite
  • Add to your cart (remove)
  • Save record
    BIBTEX Dublin Core MARCXML MARC (non-Unicode/MARC-8) MARC (Unicode/UTF-8) MARC (Unicode/UTF-8, Standard) MODS (XML) RIS
  • More searches
    Search for this title in:
    Other Libraries (WorldCat) Other Databases (Google Scholar) Online Stores (Bookfinder.com) Open Library (openlibrary.org)

Exporting to Dublin Core...

SOUTHVILLE LIBRARY

Southville International School and Colleges Library

1281 Tropical Ave. Cor. Luxembourg St., BF Homes International, Las Pinas City

Tel. No. 8256374 / 252358 Loc. 117/146

Powered by Koha